İkinci dalga: siyasal ve yönetsel liberalizasyon (Record no. 8766)

MARC details
000 -BAŞLIK
Sabit Uzunlukta Kontrol Alanı 00814na a2200265 4500
001 - KONTROL NUMARASI
Denetim Alanı 17943
003 - KONTROL NUMARASI IDENTIFIER
Denetim Alanı MIRAKIL
005 - SON İŞLEM TARİHİ VE ZAMANI
Denetim Alanı 20181213155223.0
008 - SABİT-BOY VERİ ELEMANLARI - GENEL BİLGİLER
Sabit Uzunlukta Kontrol Alanı 161108b tu 000 0
035 ## - SİSTEM KONTROL NUMARASI
Sistem Kontrol Numarası 17943
040 ## - KATALOGLAMA KAYNAK
Orijinal Kataloglama Ajansı Milas
Kataloglama Dili tur
Metne Dönüştürmek Ajansı TR-AnCHP
041 ## - DİL KODU
Metin / Ses Parça Veya Ayrı Başlığın Dil Kodu tur
082 ## - DEWEY ONLU SINIFLANDIRMA NUMARASI
Sınıflandırma Numarası 320.51
Ürün Numarası G94i 2003
090 ## - SINIFLAMA NUMARASI
Sınıflama Numarası 320.51 G94i 2003
100 ## - ANA GİRİŞ - KİŞİSEL İSİM
Kişisel Ad Güler, Birgül A.
245 ## - BAŞLIK TABLOSU
Başlık İkinci dalga: siyasal ve yönetsel liberalizasyon
Başlığın Kalan Kamu yönetimi temel kanunu
Sorumluluk Tablosu, Vb Birgül A. Güler
246 ## - UNVAN FORM VARYING
Başlık Doğru / Kısa Başlığı Kamu yönetimi temel kanunu
260 ## - YAYIN, DAĞITIM, VB
Yayın, Dağıtım, Vb Yeri Ankara
Yayıncı, Dağıtıcı, Vs Adı Türkiye Yol-İş Sendikası Eğitim Yayınları
Yayın, Dağıtım, Vb Tarihi 2003
300 ## - FİZİKSEL TANIM
Kapsam 48 s.
Boyutlar 18 sm.
490 ## - SERİSİ TABLOSU
Seri Beyanı Türkiye Yol-İş Sendikası Eğitim Yayınları
Hacim / Ardışık Tanımı 2003/5
650 ## - KONU KATMA GİRİŞ - TOPİKAL DÖNEM
Topikal Süreli Veya Coğrafi Ad Giriş Elemanı Liberalizm
650 ## - KONU KATMA GİRİŞ - TOPİKAL DÖNEM
Topikal Süreli Veya Coğrafi Ad Giriş Elemanı Siyaset ve yönetim
650 ## - KONU KATMA GİRİŞ - TOPİKAL DÖNEM
Topikal Süreli Veya Coğrafi Ad Giriş Elemanı Kamu yönetimi
942 ## - EKLENDİ GİRİŞ ELEMANLARI (KOHA)
Sınıflandırma Veya Raf Düzeni Kaynak Dewey Decimal Classification
Koha Öğesi Türü Books
999 ## - SİSTEM KONTROL NUMARALARI (KOHA)
Koha Biblionumber 8766
Koha Biblioitemnumber 8766
Holdings
Kalıcı Konum Mevcut Konum Edinme Tarihi Edinim Kaynak Toplam Check-Out'Lar Tam Çağrı Numarası Barkod Tarih Son Görülme İtibaren Geçerli Fiyatlar Koha Öğesi Türü
CHP Kütüphanesi CHP Kütüphanesi 11/08/2016 Bağış   320.51 G94i 2003 008455 11/08/2016 11/08/2016 Books